Odgadnij rapera po piosence - Statystyki

Ogólne statystyki
  • Ten quiz został rozwiązany 22 razy
  • Średni wynik to 9 z 26
Statystyki odpowiedzi
Piosenka Raper/Grupa % Poprawnych
WODA SODOWA OKI
77%
7 DAM Zeamsone
77%
RAVE Żabson
50%
Street Credit Freestyle Białas
45%
Paczkomat Otsochodzi
45%
VHS PRO8L3M
45%
BERLIN2023 rów babicze
45%
Mięso Taco Hemingway
45%
NA FORACH rusina
41%
Błoto wane
41%
Wyprawa do kasyna Gang Albani
36%
only&one Kukon
36%
TRUSKULOWY 2 vkie
36%
P.S.W.I.S. Belmondawg
27%
Pół talerza Kaz Bałagane
27%
Trip Quebonafide
27%
R.I.P. Sentino
27%
Nowoczesny świat Eripe
23%
Omori omori Guzior
23%
B2B kidzlori
23%
KRAINA WĘDLIN Bardal
18%
JACUZZE Koneser
14%
Towar Ekskluzywny Pikers
14%
Deadline Aleshen
9%
Gentleman OG Olgierd
9%
VIA VIA VIA TUZZA Globale
9%
Nie znaleziono quizów pasujących do podanych kryteriów
Rozkład punktacji
Procent ludzi z każdym wynikiem
Percentyl według liczby udzielonych odpowiedzi
Twoja historia wyników
Nie rozwiązałeś tego quizu